SCIENCE SINCE 1500 A SHORT HISTORY OF MATHEMATICS PHYSICS CHEMISTRY BIOLOGY (Record no. 567997)

000 -LEADER
fixed length control field 00291nam a22001097a 4500
082 ## - DEWEY DECIMAL CLASSIFICATION NUMBER
Classification number 500.9 PLE'S
100 ## - MAIN ENTRY--PERSONAL NAME
Personal name PLEDGE, H. T
9 (RLIN) 57728
245 ## - TITLE STATEMENT
Title SCIENCE SINCE 1500 A SHORT HISTORY OF MATHEMATICS PHYSICS CHEMISTRY BIOLOGY
260 ## - PUBLICATION, DISTRIBUTION, ETC.
Place of publication, distribution, etc. NEWYORK
Name of publisher, distributor, etc. HARPER
Date of publication, distribution, etc. 1959
300 ## - PHYSICAL DESCRIPTION
Extent 356P
942 ## - ADDED ENTRY ELEMENTS (KOHA)
Koha item type Book
Holdings
Withdrawn status Lost status Source of classification or shelving scheme Damaged status Not for loan Permanent Location Current Location Shelving location Date acquired Full call number Barcode Date last seen Price effective from Koha item type Public note
          College of Electrical & Mechanical Engineering (CEME) College of Electrical & Mechanical Engineering (CEME) General Stacks 07/13/2017 500.9 PLE'S CEME-3785 06/28/2021 06/28/2021 Book 3.7
© 2023 Central Library, National University of Sciences and Technology. All Rights Reserved.